[Event "ISR-ch sf"]
[Site "Ramat Gan"]
[Date "2022.07.11"]
[Round "9"]
[White "Flaum, Mark"]
[Black "Aronin, Pavel"]
[Result "1-0"]
[WhiteElo "1915"]
[BlackElo "1993"]
[PlyCount "89"]
[EventDate "2022.05.09"]
[EventType "swiss"]
[EventRounds "9"]
[EventCountry "ISR"]
[SourceTitle "EXT 2023"]
[Source "ChessBase"]
[SourceDate "2022.10.05"]
[SourceVersion "1"]
[SourceVersionDate "2022.10.05"]
[SourceQuality "1"]

1. e4 c5 2. Nf3 Nc6 3. Bb5 g6 4. Bxc6 bxc6 5. 0-0 Bg7 6. Re1 Nh6 7. c3 0-0 8. d4 Qb6 9. Qc2 cxd4 10. cxd4 d6 11. h3 f6 12. Nc3 Nf7 13. Be3 Qa6 14. Rac1 Bd7 15. b3 Rfe8 16. Qd2 Rad8 17. Qe2 Qxe2 18. Rxe2 g5 19. Nd2 Rc8 20. b4 f5 21. f3 h5 22. Nb3 g4 23. hxg4 hxg4 24. Rec2 e5 25. d5 gxf3 26. gxf3 Rb8 27. dxc6 Bxc6 28. Na5 Ba8 29. b5 Bh6 30. Bxh6 Nxh6 31. Nc6 Bxc6 32. bxc6 Rec8 33. Nd5 Kf7 34. Rh2 Kg7 35. Kh1 Nf7 36. Ne7 Rc7 37. Nxf5+ Kf6 38. Ne3 Rcc8 39. Nd5+ Ke6 40. Rg2 Rh8+ 41. Kg1 Rhg8 42. c7 Rxg2+ 43. Kxg2 Rc8 44. Rb1 Kd7 45. Rb7 1-0

[Event "Larnaca OFIS op 2nd"]
[Site "Larnaca"]
[Date "2021.10.27"]
[Round "2"]
[White "Flaum, Mark"]
[Black "Agdelen, Huseyin Can"]
[Result "1-0"]
[WhiteElo "1956"]
[BlackElo "2206"]
[PlyCount "109"]
[EventDate "2021.10.22"]
[EventType "swiss"]
[EventRounds "9"]
[EventCountry "CYP"]
[SourceTitle "CBM 204 Extra"]
[Source "ChessBase"]
[SourceDate "2021.11.30"]
[SourceVersion "1"]
[SourceVersionDate "2021.11.30"]
[SourceQuality "1"]

1. e4 c5 2. Nf3 d6 3. d4 cxd4 4. Nxd4 Nf6 5. Nc3 a6 6. Be3 e5 7. Nb3 Be7 8. f3 Be6 9. Qd2 h5 10. Nd5 Nxd5 11. exd5 Bf5 12. c4 Nd7 13. Na5 Bh4+ 14. g3 Bf6 15. Be2 Qc7 16. Rc1 b6 17. Nc6 a5 18. 0-0 Nb8 19. Nxb8 Rxb8 20. a3 0-0 21. b4 axb4 22. axb4 Rfe8 23. c5 bxc5 24. bxc5 dxc5 25. Rxc5 Qd6 26. Rc6 Qa3 27. Ra6 Qb2 28. Ra2 Qb3 29. Rc1 Rec8 30. Rxc8+ Rxc8 31. Rb2 Qa4 32. Ra2 Qb3 33. Rb2 Qa3 34. Ra2 Qd6 35. Ra6 Qd8 36. Bd3 Bd7 37. Ra7 Ra8 38. Qa2 Rxa7 39. Qxa7 Qc8 40. Bc5 Bf5 41. Bb5 e4 42. f4 Bg6 43. Bd7 Bd4+ 44. Bxd4 Qc1+ 45. Kg2 Qd2+ 46. Kh3 Qe2 47. Bf2 h4 48. Bg4 Qf1+ 49. Kxh4 f5 50. Bd4 Bf7 51. Qa8+ Kh7 52. Bxf5+ Bg6 53. Bxg6+ Kxg6 54. Qc6+ Kh7 55. Qd7 1-0

[Event "Larnaca OFIS op 2nd"]
[Site "Larnaca"]
[Date "2021.10.27"]
[Round "3"]
[White "Samani, Yamac"]
[Black "Flaum, Mark"]
[Result "1-0"]
[WhiteElo "2246"]
[BlackElo "1956"]
[PlyCount "61"]
[EventDate "2021.10.22"]
[EventType "swiss"]
[EventRounds "9"]
[EventCountry "CYP"]
[SourceTitle "CBM 204 Extra"]
[Source "ChessBase"]
[SourceDate "2021.11.30"]
[SourceVersion "1"]
[SourceVersionDate "2021.11.30"]
[SourceQuality "1"]

1. e4 c5 2. Nf3 e6 3. d4 cxd4 4. Nxd4 Nc6 5. Nc3 Qc7 6. Qd3 Nxd4 7. Qxd4 a6 8. Be3 Ne7 9. 0-0-0 Nc6 10. Qd2 Bb4 11. h4 b5 12. h5 h6 13. Rh3 Qa5 14. Rg3 Bxc3 15. Qxc3 Qxc3 16. bxc3 Rh7 17. f4 Bb7 18. Bd3 e5 19. Be2 Rd8 20. Bg4 g6 21. hxg6 fxg6 22. f5 g5 23. Rh3 Ne7 24. f6 Ng8 25. Bh5+ Rf7 26. Bxf7+ Kxf7 27. Bb6 Rb8 28. Rxd7+ Kxf6 29. Ba7 Ke6 30. Rhd3 Bxe4 31. R3d6+ 1-0